000
00375nam a2200169Ia 4500
008
220531s9999 xx 000 0 und d
041
_a
eng
082
_b
LAL
100
_a
Lal, Ramji
_9
40144
245
_a
Hamlet
260
_b
Rama
_c
1999
300
_a
608
542
_d
10-11-1998
650
_a
English
_9
40145
906
_d
1998-1999
_f
6797
999
_c
24147
_d
24147